| 000 | 00737nam a2200265 4500 | ||
|---|---|---|---|
| 001 | 26716 | ||
| 003 | BD-RjUL | ||
| 005 | 20211209051046.0 | ||
| 008 | 140323s1970 pk b 001 0 eng | ||
| 035 | _a(BD-RjUL)26786 | ||
| 040 |
_aDLC _cDLC _dBD-RjUL _beng |
||
| 041 | _aeng | ||
| 082 | 0 | 0 |
_a954.7 _bMAE 1970 |
| 100 | 1 |
_aMay, Lini S. _982091 |
|
| 245 | 1 | 4 |
_aThe evolution of Indo-Muslim thought after 1857 / _cLini S. May. |
| 260 |
_aLahore : _bSh. Muhammad Ashraf, _c1970. |
||
| 300 |
_avii, 488 p. ; _c25 cm. |
||
| 504 | _aBibliography: p. 469-475. | ||
| 504 | _aIncludes index. | ||
| 650 | 0 |
_aIslam _zIndia. _982092 |
|
| 650 | 0 |
_aIslam _zPakistan. _982093 |
|
| 942 |
_2ddc _cBK |
||
| 999 |
_c26716 _d26716 |
||